Normal view
MARC view
Entry Personal Name
001 - CONTROL NUMBER
- control field: 521344
003 - CONTROL NUMBER IDENTIFIER
- control field: OSt
005 - DATE AND TIME OF LATEST TRANSACTION
- control field: 20220930062513.0
008 - FIXED-LENGTH DATA ELEMENTS
- fixed length control field: 220930|| aca||aabn | a|a d
040 ## - CATALOGING SOURCE
- Original cataloging agency: OSt
- Transcribing agency: OSt
100 ## - HEADING--PERSONAL NAME
- Personal name: Kapoor Anita
670 ## - SOURCE DATA FOUND
- Source citation: Work cat.: (OSt)855614: Kapoor Anita, Responses of Trigonella foenum-graecum L. and glycine max (L.) Merr. to vesicular arbuscular mycorrhiza in relation to phosphorus and nitrogen, 1987
